|
|
|
|
| LEADER |
00000nam a22000005a 4500 |
| 001 |
10121 |
| 003 |
CL-ChBUA |
| 005 |
20120815103231.0 |
| 008 |
070301s1966 sp 000 0 spa |
| 040 |
|
|
|a CL-ChBUA
|c CL-ChBUA
|
| 082 |
0 |
0 |
|a 269
|
| 090 |
|
|
|c 10121
|d 10121
|
| 100 |
1 |
|
|a Kuiper, R. B.
|
| 245 |
1 |
0 |
|a Evangelismo teo-céntrico
|
| 260 |
|
|
|b Tell.
|c 1966.
|
| 300 |
|
|
|a 269 p.
|c 18 cm.
|
| 504 |
|
|
|a Indice.
|
| 650 |
|
4 |
|a EVANGELISMO.
|
| 942 |
|
|
|c LIB
|
| 952 |
|
|
|0 0
|1 0
|4 0
|7 0
|9 14808
|a UNACH
|b UNACH
|c 200
|d 2007-03-05
|i 14.005.
|l 0
|o 269 / K 95. c.1
|p 15807
|r 2015-11-30 00:00:00
|u 14808
|w 2012-08-08
|y LIB
|k 269 / K 95. c.1
|
| 952 |
|
|
|0 0
|1 0
|4 0
|7 0
|9 14809
|a UNACH
|b UNACH
|c 200
|d 2007-03-05
|i 16.327.
|l 3
|o 269 / K 95. c.2
|p 15808
|r 2016-09-13 00:00:00
|s 2016-08-31
|u 14809
|w 2012-08-08
|y LIB
|k 269 / K 95. c.2
|
| 999 |
|
|
|c 10121
|d 10121
|